[Event "Kingston Easter U1900"]
[Site "Kingston"]
[Date "2019.04.18"]
[Round "1.27"]
[White "Balasooriya, Randika"]
[Black "Laurin, Marcel"]
[Result "1/2-1/2"]
[WhiteElo "1828"]
[BlackElo "1680"]
[PlyCount "100"]
[EventDate "2019.04.18"]
[EventType "swiss"]
[EventRounds "9"]
[EventCountry "CAN"]
[SourceTitle "EXT 2022"]
[Source "ChessBase"]
[SourceDate "2021.10.06"]
[SourceVersion "1"]
[SourceVersionDate "2021.10.06"]
[SourceQuality "1"]

1. e4 b6 2. d4 Bb7 3. Bd3 d6 4. Nf3 Nd7 5. 0-0 h6 6. Re1 e6 7. Nbd2 g5 8. h3 Bg7 9. Nf1 Ne7 10. Ng3 e5 11. Nh5 Rg8 12. Nxg7+ Rxg7 13. c3 Ng6 14. g3 Nf6 15. Nh2 Bc8 16. Bf1 Bd7 17. Ng4 Nxg4 18. hxg4 Qf6 19. Bg2 Ke7 20. Qf3 Nf4 21. gxf4 gxf4 22. dxe5 dxe5 23. c4 Bxg4 24. Qa3+ c5 25. Kf1 f3 26. Bxf3 Bxf3 27. Re3 Rg1+ 28. Kxg1 Qg5+ 29. Kf1 Qg2+ 30. Ke1 Qg1+ 31. Kd2 Qd1+ 32. Kc3 Qd4+ 33. Kc2 Qxc4+ 34. Qc3 Bxe4+ 35. Rxe4 Qxe4+ 36. Qd3 Qg2 37. Qf5 Qd5 38. Qd3 Qe6 39. Be3 Rd8 40. Qe4 f5 41. Qh4+ Ke8 42. Qa4+ Kf7 43. Rd1 Rxd1 44. Kxd1 Qd5+ 45. Ke2 a5 46. Bxh6 f4 47. Qc2 f3+ 48. Ke3 Kf6 49. Qh7 Qd4+ 50. Kxf3 Qd1+ 1/2-1/2

[Event "Gatineau Premiers Flocons"]
[Site "Gatineau"]
[Date "2018.12.18"]
[Round "4"]
[White "Laurin, Marcel"]
[Black "Kurkdji, Johnny"]
[Result "1-0"]
[WhiteElo "1644"]
[BlackElo "1609"]
[PlyCount "100"]
[EventDate "2018.11.27"]
[EventType "swiss"]
[EventRounds "4"]
[EventCountry "CAN"]
[SourceTitle "EXT 2022"]
[Source "ChessBase"]
[SourceDate "2021.10.06"]
[SourceVersion "1"]
[SourceVersionDate "2021.10.06"]
[SourceQuality "1"]

1. d4 d5 2. Nf3 Nc6 3. Bf4 e6 4. e3 h6 5. h3 Nf6 6. a3 Be7 7. Bd3 0-0 8. Nbd2 b6 9. Rc1 Bd6 10. Bh2 Bxh2 11. Nxh2 Ne7 12. c4 c6 13. cxd5 cxd5 14. Nhf3 Bb7 15. Ne5 Nd7 16. Ndf3 Nxe5 17. Nxe5 f6 18. Nf3 Qd6 19. g4 e5 20. Bb1 e4 21. Nh4 g5 22. Nf5 Nxf5 23. gxf5 Qd7 24. Qh5 Qxf5 25. Qxh6 Rf7 26. Qh5 Rh7 27. Qe2 Rxh3 28. Rxh3 Qxh3 29. Rc7 Bc8 30. Ba2 Be6 31. Qb5 Qf5 32. Re7 Rd8 33. Rxa7 Rd7 34. Rxd7 Bxd7 35. Qxb6 Be6 36. Qd6 Kg7 37. b4 Qg4 38. Qg3 Qh5 39. Bb3 Qh1+ 40. Kd2 Qb1 41. Qc7+ Kg6 42. Bc2 Qf1 43. Qg3 Bd7 44. a4 Qc4 45. b5 Qb4+ 46. Kd1 Qa3 47. Qc7 Bg4+ 48. Kd2 Qa1 49. Qb8 Qa3 50. Qg8+ Kh6 1-0

[Event "Gatineau Premiers Flocons"]
[Site "Gatineau"]
[Date "2018.12.11"]
[Round "3"]
[White "Labrie, Dany"]
[Black "Laurin, Marcel"]
[Result "0-1"]
[WhiteElo "1362"]
[BlackElo "1644"]
[PlyCount "34"]
[EventDate "2018.11.27"]
[EventType "swiss"]
[EventRounds "4"]
[EventCountry "CAN"]
[SourceTitle "EXT 2022"]
[Source "ChessBase"]
[SourceDate "2021.10.06"]
[SourceVersion "1"]
[SourceVersionDate "2021.10.06"]
[SourceQuality "1"]

1. e4 b6 2. d4 Bb7 3. Nc3 e6 4. Nf3 h6 5. e5 d5 6. Bd3 Nd7 7. Qe2 a6 8. Nh4 Qxh4 9. Bf4 Qxf4 10. Qe3 Qxe3+ 11. fxe3 Bb4 12. 0-0 Bxc3 13. bxc3 Ne7 14. Rab1 a5 15. a4 Ba6 16. Bb5 Bxb5 17. Rxb5 0-0 0-1

[Event "Gatineau Feuille d'Erable"]
[Site "Gatineau"]
[Date "2018.10.23"]
[Round "1"]
[White "Laurin, Marcel"]
[Black "Jobin, Gilles G"]
[Result "1/2-1/2"]
[WhiteElo "1660"]
[BlackElo "1822"]
[PlyCount "82"]
[EventDate "2018.10.23"]
[EventType "swiss"]
[EventRounds "5"]
[EventCountry "CAN"]
[SourceTitle "EXT 2022"]
[Source "ChessBase"]
[SourceDate "2021.10.06"]
[SourceVersion "1"]
[SourceVersionDate "2021.10.06"]
[SourceQuality "1"]

1. d4 d6 2. e4 Nf6 3. Nc3 e5 4. dxe5 dxe5 5. Qxd8+ Kxd8 6. Bg5 c6 7. 0-0-0+ Kc7 8. Bc4 Be6 9. Bxe6 fxe6 10. f4 Bd6 11. Nf3 Nfd7 12. fxe5 Nxe5 13. Nd4 Nf7 14. Nxe6+ Kd7 15. Nxg7 Rg8 16. Bf6 Kc8 17. Nf5 Bf4+ 18. Kb1 Kc7 19. g3 Be5 20. Bh4 Nd7 21. Rhf1 Nd8 22. Ne3 Bxc3 23. bxc3 Ne5 24. Rf5 Ndf7 25. h3 Rae8 26. g4 Nd6 27. Rh5 Nxe4 28. Rxh7+ Kb6 29. Kb2 Nc5 30. Rb1 Ka6 31. Ka1 Ng6 32. Bf2 Rh8 33. Rxh8 Rxh8 34. Nc4 Ne4 35. Bd4 Rxh3 36. Rb3 c5 37. Ra3+ Kb5 38. Nd6+ Nxd6 39. c4+ Nxc4 40. Rxh3 cxd4 41. Rh5+ Kc6 1/2-1/2

[Event "Gatineau Rentree Hull"]
[Site "Gatineau"]
[Date "2018.09.25"]
[Round "3"]
[White "Rioux, Jocelyn"]
[Black "Laurin, Marcel"]
[Result "1-0"]
[WhiteElo "1639"]
[BlackElo "1612"]
[PlyCount "51"]
[EventDate "2018.09.11"]
[EventType "swiss"]
[EventRounds "5"]
[EventCountry "CAN"]
[SourceTitle "EXT 2022"]
[Source "ChessBase"]
[SourceDate "2021.10.06"]
[SourceVersion "1"]
[SourceVersionDate "2021.10.06"]
[SourceQuality "1"]

1. e4 b6 2. d4 Bb7 3. Nc3 e6 4. f4 Bb4 5. Bd3 Nf6 6. Qe2 Nc6 7. Nf3 0-0 8. Bd2 d6 9. e5 dxe5 10. dxe5 Bxc3 11. Bxc3 Nd5 12. Qe4 g6 13. Bd2 Nde7 14. 0-0-0 Nf5 15. Qe1 Qd5 16. Kb1 a5 17. Bxf5 Nb4 18. Bxb4 Qxa2+ 19. Kxa2 axb4+ 20. Kb1 Ra4 21. b3 Ra3 22. Qxb4 Rfa8 23. Kc1 gxf5 24. Rd8+ Kg7 25. Qf8+ Kg6 26. Qg8+ 1-0

[Event "CEH-ch Releve II"]
[Site "Gatineau"]
[Date "2015.04.28"]
[Round "4"]
[White "Morel, Joseph"]
[Black "Laurin, Marcel"]
[Result "1-0"]
[WhiteElo "1716"]
[BlackElo "1583"]
[PlyCount "85"]
[EventDate "2015.04.07"]
[EventType "swiss"]
[EventRounds "6"]
[EventCountry "CAN"]
[SourceTitle "EXT 2016"]
[Source "ChessBase"]
[SourceDate "2015.10.08"]
[SourceVersion "1"]
[SourceVersionDate "2015.10.08"]
[SourceQuality "1"]

1. d4 b6 2. e4 Bb7 3. Nc3 e6 4. Nf3 h6 5. Bf4 d6 6. Bd3 Ne7 7. Qe2 g5 8. Bg3 Ng6 9. h3 Bg7 10. e5 d5 11. Bxg6 fxg6 12. Qd3 Kf7 13. Nd2 Rf8 14. h4 g4 15. h5 Qg5 16. hxg6+ Qxg6 17. Qxg6+ Kxg6 18. Ne2 Bc8 19. Nf4+ Kh7 20. Nf1 Nc6 21. c3 Nxe5 22. dxe5 Bxe5 23. Nxe6 Bxc3+ 24. bxc3 Bxe6 25. Bxc7 Rac8 26. Be5 Kg6 27. Ne3 h5 28. Rd1 Rce8 29. 0-0 h4 30. Nxd5 Kf5 31. Bd6 Rg8 32. Ne7+ Rxe7 33. Bxe7 h3 34. gxh3 gxh3+ 35. Kh2 Kf4 36. Rg1 Re8 37. Rd4+ Kf3 38. Rg3+ Kxf2 39. Rd2+ Ke1 40. Bg5 Bc4 41. Rg1+ Bf1 42. Rb2 b5 43. Bh4+ 1-0

[Event "CEH-ch Releve II"]
[Site "Gatineau"]
[Date "2015.04.14"]
[Round "2"]
[White "Laurin, Marcel"]
[Black "Bourbonnais, Luc"]
[Result "1-0"]
[WhiteElo "1583"]
[BlackElo "1297"]
[PlyCount "101"]
[EventDate "2015.04.07"]
[EventType "swiss"]
[EventRounds "6"]
[EventCountry "CAN"]
[SourceTitle "EXT 2016"]
[Source "ChessBase"]
[SourceDate "2015.10.08"]
[SourceVersion "1"]
[SourceVersionDate "2015.10.08"]
[SourceQuality "1"]

1. d4 Nf6 2. c4 g6 3. Nc3 Bg7 4. e4 d6 5. h3 0-0 6. Nf3 Nbd7 7. Be3 e5 8. d5 Nh5 9. Qd2 f5 10. exf5 gxf5 11. Bg5 Nhf6 12. Be2 a5 13. h4 c6 14. h5 Rf7 15. dxc6 bxc6 16. Qxd6 h6 17. Bh4 Bb7 18. c5 Bf8 19. Qe6 e4 20. Bc4 Qe7 21. Bxf6 Nxf6 22. Ne5 Nd5 23. Qxf7+ Qxf7 24. Nxf7 Kxf7 25. 0-0-0 Ke6 26. Na4 Ke5 27. Bxd5 cxd5 28. Rh3 d4 29. Rg3 Rc8 30. Kb1 Bd5 31. Nb6 Rc7 32. Rc1 Bf7 33. c6 Kf6 34. Na8 Bd6 35. Nxc7 Bxc7 36. Ra3 Ke6 37. Rc5 Bxh5 38. Raxa5 e3 39. fxe3 dxe3 40. Ra3 e2 41. Re3+ Kd6 42. b4 Bg4 43. Rc2 h5 44. Rexe2 Bxe2 45. Rxe2 Kxc6 46. Re6+ Kd5 47. Rh6 Ke4 48. Rxh5 f4 49. Rh3 Kd5 50. Kc2 Kc4 51. Rc3+ 1-0

[Event "Gatineau Judith Polgar"]
[Site "Gatineau"]
[Date "2015.02.03"]
[Round "4"]
[White "Laurin, Marcel"]
[Black "Arsenault, Yves"]
[Result "0-1"]
[WhiteElo "1618"]
[BlackElo "1555"]
[PlyCount "78"]
[EventDate "2015.01.13"]
[EventType "swiss"]
[EventRounds "5"]
[EventCountry "CAN"]
[SourceTitle "EXT 2022"]
[Source "ChessBase"]
[SourceDate "2021.10.06"]
[SourceVersion "1"]
[SourceVersionDate "2021.10.06"]
[SourceQuality "1"]

1. d4 Nf6 2. c4 e6 3. a3 c6 4. Nc3 d5 5. Nf3 Be7 6. Bf4 0-0 7. e3 Nbd7 8. c5 Nh5 9. Bg3 Nxg3 10. hxg3 Nf6 11. Bd3 h6 12. Qc2 b6 13. b4 bxc5 14. bxc5 a5 15. Ne5 Bb7 16. Ke2 Nd7 17. Ng4 f5 18. Nxh6+ gxh6 19. Rxh6 Rf6 20. Rh3 Bf8 21. Rah1 Bg7 22. g4 fxg4 23. Rh7 Qf8 24. Kf1 e5 25. Nd1 e4 26. Qe2 Rg6 27. Kg1 Qf6 28. Bxe4 dxe4 29. Qc4+ Qe6 30. Qe2 Ba6 31. Qe1 Bb5 32. Nc3 Nf6 33. R7h4 Nd5 34. Ne2 Bxe2 35. Qxe2 Rb8 36. Qa2 g3 37. fxg3 Rxg3 38. Qf2 Rxe3 39. Rh7 Rb1+ 0-1

[Event "Trois-Rivieres Mauricie U1700 op"]
[Site "Trois Rivieres"]
[Date "2014.03.16"]
[Round "4"]
[White "Laurin, Marcel"]
[Black "Cyrenne, Dany"]
[Result "1/2-1/2"]
[WhiteElo "1623"]
[BlackElo "1492"]
[PlyCount "65"]
[EventDate "2014.03.14"]
[EventType "swiss"]
[EventRounds "5"]
[EventCountry "CAN"]
[SourceTitle "EXT 2022"]
[Source "ChessBase"]
[SourceDate "2021.10.06"]
[SourceVersion "1"]
[SourceVersionDate "2021.10.06"]
[SourceQuality "1"]

1. d4 d5 2. c4 c6 3. cxd5 cxd5 4. Nc3 Nf6 5. h3 Nc6 6. Bf4 a6 7. e3 e6 8. a3 Bd6 9. Bg5 h6 10. Bh4 g5 11. Bg3 Bxg3 12. fxg3 Qd6 13. Qf3 e5 14. dxe5 Qxe5 15. 0-0-0 Be6 16. Qf2 Ne4 17. Nxe4 dxe4 18. Ne2 Rc8 19. Nc3 Na5 20. Qe1 0-0 21. Kb1 Nc4 22. Rd4 f5 23. Bxc4 Bxc4 24. Qd1 Bd3+ 25. Ka1 b5 26. Qh5 Rc6 27. Rd7 Qe8 28. Qxe8 Rxe8 29. Nd5 Kf8 30. Rh7 Rg6 31. Rc1 Bc4 32. Rh8+ Kf7 33. Rxe8 1/2-1/2

[Event "Outaouais-ch Reserve"]
[Site "Gatineau"]
[Date "2013.05.18"]
[Round "6"]
[White "Kouassi, Karen"]
[Black "Laurin, Marcel"]
[Result "0-1"]
[WhiteElo "1199"]
[BlackElo "1586"]
[PlyCount "64"]
[EventDate "2013.04.16"]
[EventType "swiss"]
[EventRounds "6"]
[EventCountry "CAN"]
[SourceTitle "EXT 2022"]
[Source "ChessBase"]
[SourceDate "2021.10.06"]
[SourceVersion "1"]
[SourceVersionDate "2021.10.06"]
[SourceQuality "1"]

1. e4 c5 2. Nc3 Nc6 3. Bc4 e6 4. Nh3 a6 5. a4 g6 6. d3 Bg7 7. Bf4 d6 8. 0-0 h6 9. Re1 Bxc3 10. bxc3 e5 11. Bd2 Qh4 12. Re3 Bg4 13. f3 Bxh3 14. gxh3 f5 15. f4 exf4 16. Rf3 g5 17. exf5 Ne5 18. Qe2 Ne7 19. Re1 0-0-0 20. a5 Nxf3+ 21. Qxf3 Rh7 22. Rb1 d5 23. Bxd5 Rxd5 24. c4 Rd7 25. Rb6 Nxf5 26. Rb1 Nd4 27. Qd1 Qxh3 28. Kf2 Qxh2+ 29. Kf1 f3 30. Be3 Qg2+ 31. Ke1 Rhe7 32. Qd2 Qg1# 0-1

[Event "Gatineau LEO-B"]
[Site "Gatineau"]
[Date "2012.05.12"]
[Round "6"]
[White "Laurin, Marcel"]
[Black "Berthiaume, Serge"]
[Result "1-0"]
[WhiteElo "1544"]
[BlackElo "1387"]
[PlyCount "101"]
[EventDate "2012.04.10"]
[EventType "swiss"]
[EventRounds "6"]
[EventCountry "CAN"]
[SourceTitle "EXT 2013"]
[Source "ChessBase"]
[SourceDate "2012.11.22"]
[SourceVersion "1"]
[SourceVersionDate "2012.11.22"]
[SourceQuality "1"]

1. d4 Nf6 2. c4 c5 3. d5 g6 4. g3 Bg7 5. Bg2 d6 6. Nc3 Nbd7 7. e4 Ne5 8. Qe2 0-0 9. h3 e6 10. f4 Ned7 11. Be3 exd5 12. cxd5 Re8 13. g4 Qa5 14. Kf2 h5 15. g5 Nh7 16. Nf3 b6 17. Nd2 Ba6 18. Qf3 Bd3 19. Bf1 Bxc3 20. Bxd3 Bxb2 21. Nc4 Qb4 22. Nxb2 Qxb2+ 23. Kg3 Rac8 24. Rhb1 Qc3 25. Rd1 c4 26. Rac1 Qb4 27. Bd2 Qa4 28. Bb1 b5 29. a3 Nc5 30. Bb4 Qa6 31. h4 Qb6 32. Bc3 Nf8 33. Ba1 Nb3 34. Qc3 Nxa1 35. Qxa1 Qe3+ 36. Kg2 Qxf4 37. Rf1 Qg4+ 38. Kf2 Qxh4+ 39. Ke2 Re5 40. Qc3 Qxg5 41. Rf3 Qg4 42. Rcf1 f5 43. Kd2 Rce8 44. Rg3 Qh4 45. Qe3 R8e7 46. Qg1 fxe4 47. Rxf8+ Kxf8 48. Rxg6 Qf4+ 49. Kc2 Ke8 50. Rg8+ Kd7 51. Qxa7# 1-0

[Event "National Capital op U2000"]
[Site "Ottawa"]
[Date "2009.12.04"]
[Round "1"]
[White "Li, Ruokai David"]
[Black "Laurin, Marcel"]
[Result "0-1"]
[WhiteElo "1980"]
[BlackElo "1806"]
[PlyCount "82"]
[EventDate "2009.12.04"]
[EventType "swiss"]
[EventRounds "5"]
[EventCountry "CAN"]
[SourceTitle "EXT 2011"]
[Source "ChessBase"]
[SourceDate "2010.11.26"]
[SourceVersion "1"]
[SourceVersionDate "2010.11.26"]
[SourceQuality "1"]

1. e4 b6 2. d4 Bb7 3. Nc3 d6 4. Be3 Nd7 5. Nf3 e6 6. Qd2 h6 7. h3 Ne7 8. Be2 a6 9. 0-0 g5 10. Nh2 Ng6 11. d5 e5 12. Nd1 Nf6 13. f3 Nf4 14. c4 Bc8 15. Nf2 N6h5 16. Rfc1 Ng3 17. Bf1 h5 18. b4 Bh6 19. c5 Bd7 20. Rc2 g4 21. fxg4 hxg4 22. Nhxg4 Bxg4 23. Nxg4 Nxe4 24. Qe1 f5 25. Nxh6 Rxh6 26. Bxf4 exf4 27. cxb6 cxb6 28. Bd3 Qe7 29. Re2 f3 30. gxf3 Rg6+ 31. Rg2 Rxg2+ 32. Kxg2 Qg5+ 33. Kh1 Qh5 34. Kg1 Qxh3 35. fxe4 Kd7 36. Bf1 Rg8+ 37. Kf2 Qh2+ 38. Kf3 fxe4+ 39. Ke3 Rg3+ 40. Kd4 Qb2+ 41. Kc4 b5# 0-1

[Event "Hull CC 29 Anniv-B"]
[Site "Gatineau"]
[Date "2009.09.22"]
[Round "3"]
[White "Laurin, Marcel"]
[Black "Arsenault, Yves"]
[Result "1/2-1/2"]
[WhiteElo "1656"]
[BlackElo "1402"]
[PlyCount "73"]
[EventDate "2009.09.08"]
[EventType "swiss"]
[EventRounds "5"]
[EventCountry "CAN"]
[SourceTitle "EXT 2011"]
[Source "ChessBase"]
[SourceDate "2010.11.26"]
[SourceVersion "1"]
[SourceVersionDate "2010.11.26"]
[SourceQuality "1"]

1. d4 Nf6 2. c4 e6 3. a3 c6 4. Nc3 d5 5. c5 Be7 6. Nf3 Nbd7 7. Qc2 Qc7 8. g3 e5 9. dxe5 Nxe5 10. Nxe5 Qxe5 11. Bf4 Qf5 12. Qxf5 Bxf5 13. Be3 0-0 14. f3 Rad8 15. Bd4 Rfe8 16. g4 Be6 17. h4 Nd7 18. b4 b6 19. cxb6 axb6 20. Bh3 Bxh4+ 21. Bf2 Bxf2+ 22. Kxf2 Ne5 23. Rh2 g6 24. Rah1 Kg7 25. Kg3 Nc4 26. f4 Nxa3 27. f5 Bc8 28. Nd1 Nc2 29. g5 gxf5 30. Bg2 Rh8 31. Rh6 Nxb4 32. Ne3 Rde8 33. Kf4 b5 34. Bh3 Re4+ 35. Kf3 Re5 36. Kf4 Re4+ 37. Kf3 1/2-1/2

[Event "Gatineau Monarque blanc"]
[Site "Gatineau"]
[Date "2007.01.30"]
[Round "3"]
[White "Laurin, Marcel"]
[Black "Charette, Jean Sebastien"]
[Result "1/2-1/2"]
[WhiteElo "1613"]
[BlackElo "1387"]
[PlyCount "41"]
[EventDate "2007.01.16"]
[EventType "swiss"]
[EventRounds "7"]
[EventCountry "CAN"]
[SourceTitle "EXT 2022"]
[Source "ChessBase"]
[SourceDate "2021.10.06"]
[SourceVersion "1"]
[SourceVersionDate "2021.10.06"]
[SourceQuality "1"]

1. d4 d5 2. c4 e6 3. a3 c5 4. dxc5 Bxc5 5. b4 Bxf2+ 6. Kxf2 Qf6+ 7. Nf3 Qxa1 8. Qc2 Qf6 9. cxd5 Ne7 10. Bg5 Qf5 11. e4 Qg6 12. Bxe7 Kxe7 13. Qc5+ Kd8 14. dxe6 Bxe6 15. Bb5 Nd7 16. Rd1 Qxe4 17. Rd4 Qf5 18. Qxf5 Bxf5 19. Bxd7 Bxd7 20. Ne5 Ke7 21. Rxd7+ 1/2-1/2

[Event "Gatineau Nez rouge A"]
[Site "Gatineau"]
[Date "2006.12.19"]
[Round "5"]
[White "Szalay, Karoly"]
[Black "Laurin, Marcel"]
[Result "1-0"]
[WhiteElo "1865"]
[BlackElo "1632"]
[PlyCount "85"]
[EventDate "2006.11.21"]
[EventType "swiss"]
[EventRounds "5"]
[EventCountry "CAN"]
[SourceTitle "EXT 2022"]
[Source "ChessBase"]
[SourceDate "2021.10.06"]
[SourceVersion "1"]
[SourceVersionDate "2021.10.06"]
[SourceQuality "1"]

1. e4 b6 2. d4 Bb7 3. Bd3 d6 4. c4 Nd7 5. Nc3 g6 6. Nge2 e6 7. Be3 Bg7 8. Qd2 Ne7 9. f3 a6 10. a3 c5 11. Bc2 Qc7 12. Bd3 cxd4 13. Nxd4 0-0 14. 0-0 Nc5 15. Rad1 Rac8 16. Be2 e5 17. Nc2 Rfd8 18. Nb4 Nb3 19. Qe1 f5 20. Nc2 f4 21. Bf2 g5 22. Kh1 Ng6 23. Nd5 Bxd5 24. Rxd5 Bf6 25. Qc3 Nc5 26. Rfd1 Ne7 27. R5d2 Nc6 28. b4 Ne6 29. Qb3 Kf7 30. c5 bxc5 31. Bc4 Qe7 32. bxc5 dxc5 33. Bxc5 Rxd2 34. Rxd2 Qe8 35. Qb7+ Kg6 36. Bxe6 Qxe6 37. Rd6 Qe8 38. Qxa6 Kg7 39. Nb4 Nd4 40. Qa7+ Kg8 41. Nd5 Rxc5 42. Nxf6+ Kf8 43. Qxc5 1-0

[Event "Gatineau Nez rouge A"]
[Site "Gatineau"]
[Date "2006.11.21"]
[Round "1"]
[White "Libersan, Mattieu"]
[Black "Laurin, Marcel"]
[Result "1-0"]
[WhiteElo "1953"]
[BlackElo "1632"]
[PlyCount "63"]
[EventDate "2006.11.21"]
[EventType "swiss"]
[EventRounds "5"]
[EventCountry "CAN"]
[SourceTitle "EXT 2022"]
[Source "ChessBase"]
[SourceDate "2021.10.06"]
[SourceVersion "1"]
[SourceVersionDate "2021.10.06"]
[SourceQuality "1"]

1. e4 b6 2. d4 Bb7 3. Nc3 d6 4. Nf3 e6 5. Bb5+ c6 6. Bd3 Nd7 7. Be3 a6 8. Qd2 h6 9. 0-0-0 Qc7 10. Rhe1 0-0-0 11. d5 c5 12. Qe2 b5 13. e5 b4 14. Ne4 exd5 15. Nxd6+ Bxd6 16. exd6 Qa5 17. Kb1 Ngf6 18. Bb5 Kb8 19. Bf4 Rhe8 20. Ne5 Nxe5 21. Bxe5 Nd7 22. Bxd7 Rxd7 23. Qg4 Bc6 24. Qxg7 c4 25. Bd4 Rxe1 26. Rxe1 b3 27. Re8+ Kb7 28. axb3 cxb3 29. cxb3 Qd2 30. Qh8 Qd3+ 31. Ka2 Ba4 32. Rb8+ 1-0

[Event "Gatineau Roger Roy Memorial"]
[Site "Gatineau"]
[Date "2006.11.07"]
[Round "4"]
[White "Arsenault, Yves"]
[Black "Laurin, Marcel"]
[Result "0-1"]
[WhiteElo "1435"]
[BlackElo "1622"]
[PlyCount "58"]
[EventDate "2006.10.17"]
[EventType "swiss"]
[EventRounds "5"]
[EventCountry "CAN"]
[SourceTitle "EXT 2022"]
[Source "ChessBase"]
[SourceDate "2021.10.06"]
[SourceVersion "1"]
[SourceVersionDate "2021.10.06"]
[SourceQuality "1"]

1. e4 b6 2. d4 Bb7 3. Nc3 d6 4. Bd3 e6 5. Nf3 h6 6. Bf4 Nd7 7. Qe2 a6 8. 0-0-0 Ne7 9. Bg3 b5 10. a3 Nb6 11. Rhf1 c6 12. Nd2 a5 13. Na2 d5 14. f4 dxe4 15. Nxe4 Nf5 16. Bf2 Bd6 17. Nxd6+ Nxd6 18. f5 Bc8 19. Rde1 0-0 20. fxe6 Bxe6 21. Kb1 b4 22. axb4 Bxa2+ 23. Kxa2 axb4+ 24. Kb1 Nd5 25. Qd2 Qa5 26. c3 bxc3 27. bxc3 Qa1+ 28. Kc2 Ra2+ 29. Kb3 Rb8+ 0-1

[Event "Gatineau Roger Roy Memorial"]
[Site "Gatineau"]
[Date "2006.10.31"]
[Round "3"]
[White "Laurin, Marcel"]
[Black "Toulouse, Raphael"]
[Result "1-0"]
[WhiteElo "1622"]
[BlackElo "1199"]
[PlyCount "99"]
[EventDate "2006.10.17"]
[EventType "swiss"]
[EventRounds "5"]
[EventCountry "CAN"]
[SourceTitle "EXT 2022"]
[Source "ChessBase"]
[SourceDate "2021.10.06"]
[SourceVersion "1"]
[SourceVersionDate "2021.10.06"]
[SourceQuality "1"]

1. d4 d5 2. c4 e6 3. a3 Nf6 4. Nc3 b6 5. Bf4 Nbd7 6. Nb5 Bd6 7. Bxd6 cxd6 8. Nxd6+ Kf8 9. cxd5 Nxd5 10. e4 Nc7 11. Qf3 Qf6 12. Rc1 Qxf3 13. Nxf3 Ke7 14. e5 Nd5 15. Bc4 f6 16. Bxd5 exd5 17. 0-0 Ba6 18. Rfe1 g6 19. Rc6 Nb8 20. Rc7+ Ke6 21. Nf7 Rf8 22. exf6+ Kxf6 23. N3g5 h6 24. Nh7+ Kg7 25. Nxh6+ Kxh6 26. Nxf8 Bd3 27. h4 g5 28. hxg5+ Kxg5 29. Ne6+ Kf6 30. Rc8 Bf5 31. Rf8+ Kg6 32. Nc7 Nd7 33. Rxa8 Be4 34. Rxa7 Nf6 35. f3 Bd3 36. Ne6 b5 37. Nf4+ Kf5 38. Nxd3 Ne4 39. fxe4+ dxe4 40. Rf7+ Ke6 41. Ne5 Kd5 42. Rd7+ Ke6 43. Kf2 Kf5 44. Ke3 Ke6 45. Kxe4 b4 46. d5+ Kf6 47. Rf1+ Kg5 48. Rf5+ Kh4 49. Kf3 bxa3 50. Rh7# 1-0

[Event "Gatineau Hull CC 27 Ann-B"]
[Site "Gatineau"]
[Date "2006.10.10"]
[Round "5"]
[White "Laurin, Marcel"]
[Black "Blouin, Francois"]
[Result "0-1"]
[WhiteElo "1653"]
[BlackElo "1561"]
[PlyCount "90"]
[EventDate "2006.09.12"]
[EventType "swiss"]
[EventRounds "5"]
[EventCountry "CAN"]
[SourceTitle "EXT 2022"]
[Source "ChessBase"]
[SourceDate "2021.10.06"]
[SourceVersion "1"]
[SourceVersionDate "2021.10.06"]
[SourceQuality "1"]

1. d4 Nf6 2. c4 e6 3. a3 b6 4. Nc3 Bb7 5. Bf4 a6 6. Rc1 Be7 7. Nf3 0-0 8. d5 d6 9. e4 e5 10. Be3 c5 11. Bd3 Ng4 12. Bd2 Bh4 13. g3 Be7 14. h3 Nf6 15. Kf1 Bc8 16. Kg2 h6 17. Ne2 Nh7 18. Qc2 Ng5 19. Bxg5 Bxg5 20. Rcf1 Bd7 21. Nxg5 Qxg5 22. f4 exf4 23. Rxf4 Qe5 24. Rhf1 Bc8 25. Ng1 Nd7 26. Nf3 Qe7 27. e5 Nxe5 28. Nxe5 Qxe5 29. Rxf7 Rxf7 30. Bh7+ Kf8 31. Rxf7+ Kxf7 32. Bg6+ Ke7 33. Qf2 Bxh3+ 34. Kxh3 Rf8 35. Qc2 Rf3 36. Qg2 Qe3 37. Bh5 Rf2 38. Qg1 Qd2 39. Bg4 Kf6 40. b4 g6 41. bxc5 bxc5 42. Be6 h5 43. Qa1+ Qd4 44. Qe1 Qb2 45. Qg1 g5 0-1